00398nam a2200145Ia 4500008004100000082001500041100001700056245007000073250000600143260002900149300001700178500002400195650001400219700001900233230524s9999 xx 000 0 und d a681.2bSAW aA.K. Sawhney 2aA Course in Mechanical Measurements and Instrumentation & Control a1 aDelhibDhanpat raic2013 a"XXIC,940p;" aQuantity Number: 1 aMechanics aPuneet Sawhney